00610nam a2200157 a 4500008004100000050001600041100002200057245002500079246002600104260005100130300002000181350000900201995009300210999001700303952013200320120416s1977 ||||||||||||||||| || u aHF 5635 Gra aGranof, Michael H10aFinancial accounting aprinciples and issues aEnglewood Cliffs, N.J.bFT Prentice-Hallc1977 axi, 643p. : ill a0.00 D0.00FCBU-MAIN LIBRARY (Kitwe)H1I0.00M1UDAMAGEDZMain Library Open Access Collection c43314d43314 00102lcc4070a001b001cMain Library Open Access Collectiond2022-11-30l0oHF 5635 Grap700240r2022-11-30w2022-11-30y002